Kỹ thuật an toàn trong sản xuất và sử dụng hoá chất /
Uloženo v:
| Hlavní autor: | |
|---|---|
| Médium: | Sách giấy |
| Jazyk: | Vietnamese |
| Vydáno: |
H. :
Khoa học và Kỹ thuật ,
2000.
|
| Témata: | |
| Tagy: |
Přidat tag
Žádné tagy, Buďte první, kdo otaguje tento záznam!
|
| Thư viện lưu trữ: | Thư viện Trường Đại học Đà Lạt |
|---|
| LEADER | 00647nam a2200253 4500 | ||
|---|---|---|---|
| 001 | DLU020018736 | ||
| 005 | ##20011002 | ||
| 020 | # | # | |a 978- |
| 041 | # | # | |a vie |
| 082 | # | # | |a 363.17 |b TH-N |
| 100 | # | # | |a Thế Nghĩa. |
| 245 | # | # | |a Kỹ thuật an toàn trong sản xuất và sử dụng hoá chất / |c Thế Nghĩa. |
| 260 | # | # | |a H. : |b Khoa học và Kỹ thuật , |c 2000. |
| 300 | # | # | |a 300 tr.; |c 21 cm. |
| 650 | # | # | |a Hoá chất |x Biện pháp an toàn. |
| 992 | # | # | |a 30000 |
| 994 | # | # | |a DLU |
| 900 | # | # | |a False |
| 911 | # | # | |a Administrator |
| 925 | # | # | |a G |
| 926 | # | # | |a A |
| 927 | # | # | |a SH |
| 980 | # | # | |a Thư viện Trường Đại học Đà Lạt |